Mauritius.

Bibliographic Details
Corporate Author: United States. Central Intelligence Agency
Format: Government Document Map
Language:English
Published: [Washington, D.C.?] : [Central Intelligence Agency], [1988]
Subjects:

MARC

Tag First Indicator Second Indicator Subfields
LEADER 00000cem a2200000Ia 4500
001 in00002467671
005 20151110132017.0
007 aj canzn
008 881108s1988 dcu a f 0 eng d
034 1 |a a  |b 400000  |d E0571500  |e E0574500  |f S0200000  |g S0203000 
035 |a (OCoLC)ocm18722322 
035 |a (OCoLC)18722322 
040 |a GPO  |c GPO  |d SPI  |d OCL  |d OCLCQ  |d TXA  |d UtOrBLW 
043 |a i-mf--- 
049 |a TXAM 
050 4 |a G9186.F1 1988  |b .U5 
052 |a 9185 
074 |a 856-A-1 
086 0 |a PrEx 3.10/4:M 44/4 
110 1 |a United States.  |b Central Intelligence Agency. 
245 1 0 |a Mauritius. 
255 |a Scale 1:400,000  |c (E 57⁰15ʹ--E 57⁰45ʹ/S 20⁰00ʹ--S 20⁰30ʹ). 
264 1 |a [Washington, D.C.?] :  |b [Central Intelligence Agency],  |c [1988] 
300 |a 1 map :  |b color ;  |c 24 x 17 cm. 
336 |a cartographic image  |b cri  |2 rdacontent 
337 |a unmediated  |b n  |2 rdamedia 
338 |a sheet  |b nb  |2 rdacarrier 
500 |a Shipping list number: 88-629-P. 
500 |a "Map data is of 1972 except for country names which were updated in 1988." 
500 |a Inset: Location map. 
500 |a "Base 503989 12-78." 
500 |a Cartographic material. 
651 0 |a Mauritius  |v Maps. 
994 |a C0  |b TXA 
948 |a cataloged  |b h  |c 2009/6/15  |d c  |e jlanham  |f 12:03:05 pm 
999 |a MARS 
999 f f |s 698d4f78-d30a-3af0-922d-e00c91649e6b  |i 3db7e3cb-47cd-3bce-b04b-a38561646e90  |t 0 
952 f f |p normal  |a Texas A&M University  |b College Station  |c Sterling C. Evans Library  |d Evans: Maps (2nd floor)  |t 0  |e G9186.F1 1988 .U5  |h Library of Congress classification  |i unmediated -- sheet  |m A14838792167 
998 f f |a G9186.F1 1988 .U5  |t 0  |l Evans: Maps (2nd floor)